Normal view
MARC view
- تاليف سارتون، جورج ؛ ترجمة لفيف من العلماء؛ اشراف مدكور، ابراهيم بيومي ... وآخرون
Entry Personal Name
001 - CONTROL NUMBER
- control field: 22976
003 - CONTROL NUMBER IDENTIFIER
- control field: JO-AjAnu
005 - DATE AND TIME OF LATEST TRANSACTION
- control field: 20230606073946.0
008 - FIXED-LENGTH DATA ELEMENTS
- fixed length control field: 230606|| aca||aabn | a|a d
040 ## - CATALOGING SOURCE
- Original cataloging agency: JO-AjAnu
- Transcribing agency: JO-AjAnu
100 ## - HEADING--PERSONAL NAME
- Personal name: تاليف سارتون، جورج ؛ ترجمة لفيف من العلماء؛ اشراف مدكور، ابراهيم بيومي ... وآخرون
670 ## - SOURCE DATA FOUND
- Source citation: Work cat.: (JO-AjAnu)11808: تاليف سارتون، جورج ؛ ترجمة لفيف من العلماء؛ اشراف مدكور، ابراهيم بيومي ... وآخرون, author, تاريخ العلم: العلم القديم في العصر الذهبي لليونان، الكتاب الأول